States of USA from Japanese to English - Statistics

General Stats
  • This quiz has been taken 324 times
  • The average score is 39 of 46
Answer Stats
Japanese English % Correct
アラバマ
Arabama
Alabama
98%
カリフォルニア
Kariforunia
California
98%
アイダホ
Aidaho
Idaho
98%
アイオワ
Aiowa
Iowa
98%
オハイオ
Ohaio
Ohio
98%
コロラド
Kororado
Colorado
97%
ケンタッキー
Kentakkī
Kentucky
97%
オクラホマ
Okurahoma
Oklahoma
97%
アーカンサー
Ākansā
Arkansas
96%
イリノイ
Irinoi
Illinois
95%
カンザス
Kanzasu
Kansas
95%
ウィスコンシン
Wisukonshin
Wisconsin
95%
ネバダ
Nebada
Nevada
92%
サウスダコタ
Sausudakota
South Dakota
92%
フロリダ
Furorida
Florida
90%
サウスカロライナ
Sausukaroraina
South Carolina
90%
ウェストバージニア
Wesutobājinia
West Virginia
90%
アラスカ
Arasuka
Alaska
89%
コネチカット
Konechikatto
Connecticut
89%
デラウェア
Derawea
Delaware
89%
ハワイ
Hawai
Hawaii
89%
ネブラスカ
Neburasuka
Nebraska
89%
テネシー
Teneshī
Tennessee
89%
ミシガン
Mishigan
Michigan
87%
ノースダコタ
Nōsudakota
North Dakota
87%
ミシシッピ
Mishishippi
Mississippi
86%
ニューヨーク
Nyūyōku
New York
86%
ノースカロライナ
Nōsukaroraina
North Carolina
86%
ペンシルベニア
Penshirubenia
Pennsylvania
86%
ミズーリ
Mizūri
Missouri
85%
テキサス
Tekisasu
Texas
85%
マサチューセッツ
Masachūsettsu
Massachusetts
84%
ニュージャーシー
Nyūjāshī
New Jersey
83%
ニューメキシコ
Nyūmekishiko
New Mexico
83%
ミネソタ
Minesota
Minnesota
82%
メイン
Mein
Maine
81%
ジョージア
Jōjia
Georgia
78%
ニューハンプシャー
Nyūhanpushā
New Hampshire
78%
バージニア
Bājinia
Virginia
76%
ワシントン
Washinton
Washington
73%
ユタ
Yuta
Utah
71%
ワイオミング
Waiomingu
Wyoming
69%
バーモント
Bāmonto
Vermont
67%
メリーランド
Merīrando
Maryland
60%
ロードアイランド
Rōdoairando
Rhode Island
58%
ルイジアナ
Ruijiana
Louisiana
51%
No matching quizzes found
Score Distribution
Percent of People with Each Score
Percentile by Number Answered
Your Score History
You have not taken this quiz